The adhyatma Ramayana : (Record no. 126079)

MARC details
000 -LEADER
fixed length control field 00747nam a22002297a 4500
005 - DATE AND TIME OF LATEST TRANSACTION
control field 20170124110004.0
010 ## - LIBRARY OF CONGRESS CONTROL NUMBER
LC control number A-753095
020 ## - INTERNATIONAL STANDARD BOOK NUMBER
Terms of availability 00.00
International Standard Book Number 8185880778
035 ## - SYSTEM CONTROL NUMBER
System control number A-753095
037 ## - SOURCE OF ACQUISITION
Source of stock number/acquisition Cen Lib/Ret
040 ## - CATALOGING SOURCE
Original cataloging agency DPL
Language of cataloging EN
082 ## - DEWEY DECIMAL CLASSIFICATION NUMBER
Classification number 230.1
Item number ADH
245 ## - TITLE STATEMENT
Title The adhyatma Ramayana :
Statement of responsibility, etc translated by Chandan Lal Dhody
Remainder of title concise English version /
260 ## - PUBLICATION, DISTRIBUTION, ETC. (IMPRINT)
Place of publication, distribution, etc New Delhi
Name of publisher, distributor, etc M D Publications
Date of publication, distribution, etc 1995
270 ## - ADDRESS
City New Delhi
Address M D House, 11 Darya Ganj
Postal code 110002
300 ## - PHYSICAL DESCRIPTION
Extent xvii,291p.
Dimensions 24cm(Hb)
500 ## - GENERAL NOTE
General note Includes bibliographical references and index<br/><br/>
650 ## - SUBJECT ADDED ENTRY--TOPICAL TERM
Topical term or geographic name as entry element Rāma (Hindu deity)
9 (RLIN) 73897
650 ## - SUBJECT ADDED ENTRY--TOPICAL TERM
Topical term or geographic name as entry element Hinduism--Ramayana
9 (RLIN) 73898
700 ## - ADDED ENTRY--PERSONAL NAME
Personal name Dhody, Chandan Lal
9 (RLIN) 16515
942 ## - ADDED ENTRY ELEMENTS (KOHA)
Source of classification or shelving scheme Dewey Decimal Classification
Koha item type English Books
Classification part 230.1
Call number suffix ADH
Holdings
Withdrawn status Lost status Damaged status Not for loan Home library Current library Date acquired Source of acquisition Cost, normal purchase price Total Checkouts Full call number Barcode Date last seen Copy number Cost, replacement price Price effective from Koha item type
        Central Library Central Library 24/06/2015 Cen Lib/Ret 0.00   230.1 ADH A-753095 24/06/2015 1 0.00 24/06/2015 English Books

© Delhi Public Library
Hit Counter
free hit counter